000 00500nam a2200157Ia 4500
008 220216s9999 xx 000 0 und d
100 _aMenon A R R
245 2 _aA novel multifunctional additive for natural rubber
260 _bPapers presented at the IRMRA 18th Rubber Conference, Mumbai, January 20-21, 2000. p125-142
650 _aFiller dispersion
650 _aMultifunctional additive
650 _aNatural rubber
650 _aThermal stability
700 _aPillai C K S
942 _cJS
999 _c53487
_d53487